Analýza časových radov

Salvato in:
Dettagli Bibliografici
Autore principale: Rublíková, Eva
Enti autori: Ekonomická univerzita v Bratislave. Národohospodárska fakulta, Ekonomická univerzita v Bratislave
Natura: Libro
Lingua:slovacco
Pubblicazione: Bratislava Iura Edition 2007
Serie:Ekonómia
Soggetti:
Tags: Aggiungi Tag
Nessun Tag, puoi essere il primo ad aggiungerne!!

MARC

LEADER 00000nam$a2200000$$$4500
001 0066960
005 20240502071811.5
020 |a 978-80-8078-139-2 
041 0 |a slo 
044 |a SK 
245 1 0 |a Analýza časových radov  |c Eva Rublíková 
264 1 |a Bratislava  |b Iura Edition  |c 2007 
300 |a 207 s. 
490 1 |a Ekonómia 
830 0 |a Ekonómia 
610 2 0 |a analýza radov časových 
610 2 0 |a prognózovanie 
610 2 0 |a modely trendu 
610 2 0 |a metódy prognostické 
610 2 0 |a metodológia 
100 1 |a Rublíková, Eva 
710 2 |a Ekonomická univerzita v Bratislave. Národohospodárska fakulta 
710 2 |a Ekonomická univerzita v Bratislave